000 00721nab a2200193 4500
001 244442
003 OSt
005 20230616085857.0
007 tu
008 200917s2020|||||||
040 _aDE-2950
_cDE-2950
245 0 0 _aScharfe Worte beim Viadrina-Preis.
_bPolarisiert. Der Viadrina-Preis ist nie unpolitisch. Basil Kerski kritisierte in der Laudatio am 1. Juni die aktuelle Politik in Polen jedoch besonders explizit. Der Rektor der Breslauer Universität verließ den Saal /
_cNancy Waldmann
264 _c2023
653 _aFrankfurt (Oder)
653 _aViadrina
653 _aPreisverleihung
773 0 _g34. Jahrgang (2023) Nr. 133 vom 10.06.2023, S. 19: mit Foto
_tMärkische Oderzeitung
942 _2z
_cA
999 _c372545
_d372545